000 00569nam a2200169 a 4500
008 120416s1987 ||||||||||||||||| || u
020 _a074560210X
050 _aHM 24 Soc
100 _aGiddens, Anthony
245 1 0 _aSocial theory today
_cedited by Anthony Giddens
260 _aCambridge
_bPolity Press
_c1987
300 _avi, 428p.
350 _a0.00
650 0 _aSOCIOLOGY
700 _aTurner, Jonathan
995 _D0.00
_FCBU-MAIN LIBRARY (Kitwe)
_H1
_I29.50
_M1
_UAVAILABLE
_ZAnnex Low-Usage Collection
999 _c57757
_d57757